Normal view
MARC view
Entry Topical Term
001 - CONTROL NUMBER
- control field: 43823
003 - CONTROL NUMBER IDENTIFIER
- control field: ARRUPE
005 - DATE AND TIME OF LATEST TRANSACTION
- control field: 20181218081459.0
008 - FIXED-LENGTH DATA ELEMENTS
- fixed length control field: 181218|| aca||aabn | a|a d
040 ## - CATALOGING SOURCE
- Original cataloging agency: ARRUPE
- Transcribing agency: ARRUPE
150 ## - HEADING--TOPICAL TERM
- Topical term or geographic name as entry element: Globalisation
670 ## - SOURCE DATA FOUND
- Source citation: Work cat.: (ARRUPE): Bayly, Christopher Alan. 43821, The birth of the Mordern World 1780-1914:, 2003